<Die> Handelshochschule Lehrbuch der Wirtschaftswissenschaften

Salvato in:
Dettagli Bibliografici
Autore principale: Giese, Friedrich
Natura: Libro
Lingua:tedesco
Pubblicazione: Frankfurt am Main Universität 1931
Edizione:1. Aufl.
Soggetti:
Tags: Aggiungi Tag
Nessun Tag, puoi essere il primo ad aggiungerne!!

MARC

LEADER 00000nam a2200000 4500
001 c010069
005 20221220101853.1
041 0 |a ger 
044 |a DE 
245 1 0 |a <Die> Handelshochschule  |b Lehrbuch der Wirtschaftswissenschaften  |c Friedrich Giese 
250 |a 1. Aufl. 
264 1 |a Frankfurt am Main  |b Universität  |c 1931 
300 |a 895 s. 
610 2 0 |a právo 
610 2 0 |a právo občianske 
610 2 0 |a právo obchodné 
610 2 0 |a právo trestné 
610 2 0 |a súdnictvo 
610 2 0 |a ochrana právna 
100 1 |a Giese, Friedrich